00550nam a2200157Ia 4500008004100000020005500041040000800096082001900104100003500123245003700158260000900195264005000204942001300254952010800267999001700375231129s2008||||xx |||||||||||||| ||spa|| a978-958-706-219-9  bspa a330.9861 M236g aMalagón González Jonathan 0aGlosario económico de Colombia c2008 aBogotá Colombia : Casa Editorial El Tiempo 2ddccBKS 00102ddc4070aBRCbBRCd2017-09-25l0o330.9861 M236gp39226r2023-11-29 21:14:12t1w2023-11-29yBK c14538d14538